Statystyki dla Czy znasz najlepszych strzelców wszechczasów klubów z Europy

Kliknij tutaj aby rozwiązać quiz!

Ogólne statystyki

  • Ten quiz został rozwiązany 1 023 razy
  • Średni wynik to 5 z 12

Statystyki odpowiedzi

Klub i liczba bramekPiłkarz% Poprawnych
Real Madryt; 450Cristiano Ronaldo
95%
Fc Barcelona; 600Lionel Messi
93%
Bayern Monachium; 508Gerd Muller
64%
Arsenal Londyn; 228Thierry Henry
55%
Manchester United; 253Wayne Rooney
46%
Juventus; 290Alessandro Del Piero
45%
Paris Saint Germain; 192Edinson Cavani
40%
Lech Poznań; 92Piotr Reiss
18%
Legia Warszawa; 88Miroslav Radović
11%
As Monaco; 82Falcao
8%
Ac Milan; 213Gunnar Nordahl
3%
Borussia Dortmund; 159Michael Zorc
2%

Rozkład punktacji

Percentyl według liczby udzielonych odpowiedzi

Procent ludzi z każdym wynikiem

Twoja historia wyników

Nie rozwiązałeś tego quizu